О значении критических трудов Константина Аксакова по русской истории (Запись № 5547379)

Подробности
000 -МАРКЕР
контрольное поле 01963nam0a2200325 4500
001 - ИДЕНТИФИКАТОР ЗАПИСИ
контрольное поле v19\rc\1428425
005 - ИДЕНТИФИКАТОР ВЕРСИИ
контрольное поле 20260406162449.0
035 ## - ДРУГИЕ СИСТЕМНЫЕ НОМЕРА
Идентификатор записи (NLR Aleph) 005225237
100 ## - ДАННЫЕ ОБЩЕЙ ОБРАБОТКИ
Данные общей обработки 20060620d1861 |||y0rusy50 ca
101 0# - ЯЗЫК РЕСУРСА
Язык текста, звукозаписи и т.д. русский
102 ## - СТРАНА ПУБЛИКАЦИИ ИЛИ ПРОИЗВОДСТВА
Страна публикации Российская Федерация
105 ## - ПОЛЕ КОДИРОВАННЫХ ДАННЫХ: ТЕКСТОВЫЕ МАТЕРИАЛЫ, МОНОГРАФИЧЕСКИЕ
Кодированные данные о монографическом текстовом документе y z |||||
200 1# - ЗАГЛАВИЕ И СВЕДЕНИЯ ОБ ОТВЕТСТВЕННОСТИ
Основное заглавие О значении критических трудов Константина Аксакова по русской истории
Первые сведения об ответственности написано для произнесения на акте Императорского С.-Петербургского университетата в 1861 г., исправляющим должность ординарного профессора по Кафедре русской истории Н. Костомаровым
210 ## - ПУБЛИКАЦИЯ, РАСПРОСТРАНЕНИЕ И ДР.
Место издания, распространения и т.д. Санкт-Петербург
Имя издателя, распространителя и т. д. в Типографии Николая Тиблена и комп.
Дата издания, распространения и т.д. 1861
215 ## - ФИЗИЧЕСКАЯ ХАРАКТЕРИСТИКА
Специфическое обозначение материала и объем 31 с.
Размеры 24
300 ## - ОБЩИЕ ПРИМЕЧАНИЯ
Текст примечания Отт. из изд.: Годичный торжественный акт в Императорском Санктпетербургском университете, бывший 8 февраля 1861 г. СПб., 18561
316 ## - ПРИМЕЧАНИЯ ОБ ОСОБЕННОСТЯХ ЭКЗЕМПЛЯРА
Текст примечания Экз. РНБ с автогр. авт.
Организация и экземпляр, к которому относится поле NLR: 18.8.1.15
412 #0 - ИСТОЧНИК ОТРЫВКА ИЛИ ОТДЕЛЬНОГО ОТТИСКА
Встроенное поле 001v19\rc\1324448
Системный номер (АБИС) связанной записи 5346913
Место публикации Б. м.
Дата публикации 1861
Физическая характеристика VI, 161 с.
Заглавие Годичный акт. - бывший 8 февраля 1861 года
700 #1 - ИМЯ ЛИЦА - ПЕРВИЧНАЯ ОТВЕТСТВЕННОСТЬ
Материалы, к которым относится поле rus
Графика поля Кириллица
Начальный элемент ввода Костомаров
Часть имени, кроме начального элемента ввода Н. И.
Дополнения к именам, кроме дат историк
Даты 1817-1885
Расширение инициалов личного имени Николай Иванович
Идентификатор авторитетной/нормативной записи RU\NLR\AUTH\779376
Системный номер авторитетной/нормативной записи 119208
702 #1 - ИМЯ ЛИЦА - ВТОРИЧНАЯ ОТВЕТСТВЕННОСТЬ
Код отношения Библиографический предшественник
Материалы, к которым относится поле rus
Графика поля Кириллица
Начальный элемент ввода Аксаков
Часть имени, кроме начального элемента ввода К. С.
Даты 1817-1860
Расширение инициалов личного имени Константин Сергеевич
Идентификатор авторитетной/нормативной записи RU\NLR\AUTH\7739750
Системный номер авторитетной/нормативной записи 22723
801 #2 - ИСТОЧНИК ЗАПИСИ
Страна Российская Федерация
Организация NLR
Дата составления 20080121
Источник данных rusmarc
801 #0 - ИСТОЧНИК ЗАПИСИ
Страна Российская Федерация
Организация NLR
Дата составления 20060620
Правила каталогизации psbo
801 #0 - ИСТОЧНИК ЗАПИСИ
Страна Российская Федерация
Организация RuMoRGB
Дата составления 20060620
Источник данных psbo
801 #1 - ИСТОЧНИК ЗАПИСИ
Страна Российская Федерация
Организация ProSoft-M
Дата составления 20060620
Источник данных rusmarc
852 ## - МЕСТОНАХОЖДЕНИЕ И ШИФР ХРАНЕНИЯ
Идентификатор организации NLR
Шифр хранения (Call Number) 18.8.1.15
852 ## - МЕСТОНАХОЖДЕНИЕ И ШИФР ХРАНЕНИЯ
Идентификатор организации NLR
Наименование фонда или коллекции (Sub-Location Identifier) Мф
Шифр хранения (Call Number) К-1/3661
942 ## - ДОПОЛНИТЕЛЬНЫЕ ЭЛЕМЕНТЫ ЗАПИСИ (АБИС)
Тип экземпляра АБИС Книга
980 ## - КОЛЛЕКЦИЯ
Название коллекции Национальная библиография
Экземпляры
Тип экземпляра Дата поступления Библиотека постоянного хранения Библиотека текущего хранения Место хранения Шифр хранения Штрих-код Статус экземпляра
Микрофильм 26.10.2013 РНБ (Московский) РНБ (Московский) Фонд микроформ Мф К-1/3661 5225237-20  
Книга 26.10.2013 РНБ (Садовая) РНБ (Садовая) Русский книжный фонд -Главное здание, Ленинский читальный зал 18.8.1.15 5225237-10